Word Ladder: Clint Eastwood Quiz Stats

 Plays Quiz Updated Aug 1, 2016

Challenge
Share
Tweet
Embed
Score 0/20 Timer 02:00
2 Plays Today
Hint 5-Letter Word % Correct
Spherical sports equipmentBALLS
96.4%
Vertical structures defining a roomWALLS
95.4%
Milk productsDAIRY
93.9%
The opposite of baldHAIRY
93.8%
Buffalo's NFL teamBILLS
93.4%
Every 24 hoursDAILY
92.5%
MenMALES
89.9%
'The Outlaw Josey _____' (1976, director and star)WALES
89.4%
'[first rung] _____' movie title from 1971HARRY
86%
'_____ [last rung]', movie title from 1971DIRTY
85.7%
Hint 5-Letter Word % Correct
A short simple songDITTY
85.5%
James Thurber character, Walter _____MITTY
82.1%
Having a stale and moldy smellMUSTY
82%
Dawdle, lingerDALLY
81.6%
'Play _____ For Me' (1971, director and star)MISTY
81.2%
NecessitiesMUSTS
80.3%
'Bronco _____' (1980, director and star)BILLY
80.2%
'Two _____ For Sister Sara', (1970, star)MULES
79.7%
Goddesses of the arts and sciencesMUSES
75.9%
Doozy, humdingerDILLY
74.8%

Today's Daily Dose

You're not logged in!

Compare scores with friends on all Sporcle quizzes.
Join for Free
OR
Log In

You Might Also Like...

Show Comments

Extras

Top Quizzes Today


Score Distribution

Your Account Isn't Verified!

In order to create a playlist on Sporcle, you need to verify the email address you used during registration. Go to your Sporcle Settings to finish the process.

Report this User

Report this user for behavior that violates our Community Guidelines.

Details: